Prénoms féminins les plus donnés en France par année - Statistiques

Statistiques générales
  • Ce quiz a été pris 1 627 fois
    1 083 depuis la dernière actualisation
  • Le résultat moyen est 17 sur 39
Statistiques - réponses
Prénom % Correct
Marie
92%
Emma
74%
Léa
72%
Jeanne
69%
Louise
69%
Julie
68%
Chloé
53%
Manon
52%
Camille
50%
Jade
50%
Stéphanie
48%
Isabelle
46%
Sylvie
46%
Christine
45%
Nathalie
45%
Françoise
44%
Laura
44%
Sandrine
41%
Catherine
40%
Valérie
40%
Clara
39%
Émilie
39%
Monique
38%
Céline
37%
Lola
36%
Marine
36%
Aurélie
35%
Martine
33%
Brigitte
31%
Jacqueline
29%
Ambre
28%
Élodie
28%
Nicole
27%
Virginie
27%
Chantal
24%
Madeleine
22%
Jeannine
20%
Alba
17%
Marguerite
17%
Aucun quiz correspondant
Distribution des résultats
% des personnes avec chaque résultat
Percentile par nombre de réponses
Votre historique - résultats
Vous n’avez pas pris ce quiz depuis la dernière actualisation